000 00827nam a2200229 a 4500
001 000042433
005 20201002040143.0
008 131202s1989 sp ac r 001 0 spa d
020 _a9788486675776
040 _aDO-SdBNP
_bspa
_cBNPHU
082 _axxxx
_bxxxx
100 1 _aGutiérrez, José Luis
_969573
245 1 3 _aLa Ambición del Cesar :
_bun retrato político y humano de Felipe González /
_cJosé Luis Gutiérrez, Amando de Miguel.
260 _aMadrid :
_bEdiciones Temas de Hoy,
_c[1989].
300 _a430 p. :
_bil., retrs. ;
_c21 cm.
490 1 _aHombres de hoy
_v6
500 _aIncluye datos biográficos de los autores en la soplapa de la cubierta.
504 _aBibliografía : p. 417-421
590 _aInventariado, 2019/BT
700 1 2 _aAmando, Miguel de
_969574
830 0 _aHombres de hoy
_n6
_969575
999 _c41922
_d41922